000 00621nam a2200217 a 4500
001 BRCA_3577
005 20190320204335.0
008 050809s1963----fr-#---###---#000-0#eng-#
041 _aeng
044 _afr
050 4 _aHF1481
_b.N714 1963
245 1 0 _aXIXth congress of the International Chamber of Commerce
_bList of delegates.
260 _aParis
_bInternational Chamber of Comerce
_c1963
300 _a115 p.
_c20 cm.
500 _aCongreso realizado en (Mexico City), 20-27 April 1963
500 _aB245
650 1 4 _aComercio
_99286
651 4 _aMéxico
_xComercio
_98114
902 _aGFM
942 _2lcc
_cB
999 _c3312
_d3312